[Event "GER-chT Lands U20"]
[Site "Hannover"]
[Date "2023.10.03"]
[Round "5"]
[White "Uyar, Levin"]
[Black "Hoffmann, Kay"]
[Result "0-1"]
[WhiteElo "1720"]
[BlackElo "2036"]
[PlyCount "154"]
[EventDate "2023.10.01"]
[EventType "team-swiss"]
[EventRounds "7"]
[EventCountry "GER"]
[SourceTitle "EXT 2024"]
[Source "ChessBase"]
[SourceDate "2023.10.10"]
[SourceVersion "1"]
[SourceVersionDate "2023.10.10"]
[SourceQuality "1"]

1. e4 e5 2. Nf3 Nf6 3. Nxe5 d6 4. Nf3 Nxe4 5. Nc3 Nxc3 6. dxc3 Be7 7. Bd3 Nd7 8. Be3 c6 9. Qe2 Nf6 10. 0-0-0 Be6 11. a3 Qa5 12. Nd4 0-0-0 13. Bf4 Rde8 14. Nxe6 Bf8 15. Bc4 d5 16. Qe5 Nd7 17. Qc7+ Qxc7 18. Nxc7 Re4 19. Bg3 Rxc4 20. Rhe1 Bc5 21. Ne8 g6 22. Bd6 Bxf2 23. Re2 Bh4 24. Bg3 Bxg3 25. hxg3 Rg4 26. Nd6+ Kc7 27. Nxf7 Rf8 28. Re7 Re4 29. Rxe4 dxe4 30. Ng5 Rf2 31. Nxe4 Rxg2 32. Rf1 Re2 33. Nf6 Re7 34. Nxd7 Kxd7 35. Rf6 Ke8 36. Kd2 Rf7 37. Re6+ Kf8 38. c4 Rf3 39. Rd6 Ke7 40. Rd4 Rxg3 41. Re4+ Kd7 42. c5 Rf3 43. Rd4+ Ke7 44. Re4+ Kf7 45. Rd4 Kg7 46. Ke2 Rf7 47. a4 h5 48. b4 a6 49. c4 Kh6 50. b5 Rf5 51. Rd7 Rxc5 52. Rxb7 Rxc4 53. bxa6 Rxa4 54. a7 Ra3 55. Rc7 Kg5 56. Kf2 Kf5 57. Rf7+ Kg4 58. Rf6 g5 59. Rxc6 Ra2+ 60. Kg1 Rxa7 61. Rc4+ Kh3 62. Rc3+ Kh4 63. Rc4+ g4 64. Rc5 Ra4 65. Kg2 g3 66. Rd5 Kg4 67. Rd8 Ra2+ 68. Kg1 Kh3 69. Rd1 h4 70. Kh1 Ra4 71. Rc1 Kg4 72. Rf1 h3 73. Rg1 Ra3 74. Rc1 h2 75. Rc4+ Kh3 76. Rc3 Ra1+ 77. Rc1 Rxc1# 0-1

[Event "GER-chT Lands U20"]
[Site "Hannover"]
[Date "2023.10.02"]
[Round "3"]
[White "Unbehend, Marius"]
[Black "Hoffmann, Kay"]
[Result "0-1"]
[WhiteElo "1595"]
[BlackElo "2036"]
[PlyCount "34"]
[EventDate "2023.10.01"]
[EventType "team-swiss"]
[EventRounds "7"]
[EventCountry "GER"]
[SourceTitle "EXT 2024"]
[Source "ChessBase"]
[SourceDate "2023.10.10"]
[SourceVersion "1"]
[SourceVersionDate "2023.10.10"]
[SourceQuality "1"]

1. e4 e5 2. d4 exd4 3. Qxd4 Nc6 4. Qe3 Nf6 5. Nc3 Bb4 6. Bd2 0-0 7. 0-0-0 Re8 8. f3 d5 9. Be1 d4 10. Qf2 Qe7 11. Nb5 Bc5 12. Qg3 a6 13. b4 axb5 14. bxc5 Qxc5 15. Rd3 Rxa2 16. Qf2 Ra1+ 17. Kb2 Qa7 0-1

[Event "GER-ch U25-A"]
[Site "Willingen"]
[Date "2023.05.31"]
[Round "6"]
[White "Hoffmann, Kay"]
[Black "Goldinov, Daniel"]
[Result "1-0"]
[WhiteElo "1805"]
[BlackElo "1880"]
[PlyCount "59"]
[EventDate "2023.05.27"]
[EventType "swiss"]
[EventRounds "9"]
[EventCountry "GER"]
[SourceTitle "CBM 214 Extra"]
[Source "ChessBase"]
[SourceDate "2023.07.31"]
[SourceVersion "1"]
[SourceVersionDate "2023.07.31"]
[SourceQuality "1"]

1. d4 Nf6 2. c4 c5 3. d5 b5 4. cxb5 a6 5. e3 g6 6. Nc3 Bg7 7. Nf3 0-0 8. Bc4 d6 9. 0-0 Nbd7 10. bxa6 Nb6 11. Bb5 Bxa6 12. Bxa6 Rxa6 13. e4 Nfd7 14. Bf4 Qa8 15. Bg5 f6 16. Bf4 Nc4 17. b3 Nce5 18. Nxe5 fxe5 19. Bg5 Nf6 20. Qd2 Rb8 21. f3 Rb4 22. Be3 Nd7 23. Rab1 Qf8 24. a4 Qc8 25. Nb5 Nb6 26. Rfc1 Qd7 27. Qf2 Rd4 28. Bxd4 exd4 29. Qe2 Bh6 30. Nxd4 1-0

[Event "GER-chT U14"]
[Site "Willingen"]
[Date "2022.08.14"]
[Round "3.4"]
[White "Hoffmann, Kay"]
[Black "Schoen, Florian"]
[Result "1/2-1/2"]
[WhiteElo "1653"]
[BlackElo "1702"]
[PlyCount "47"]
[EventDate "2022.08.13"]
[EventType "team-swiss"]
[EventRounds "7"]
[EventCountry "GER"]
[SourceTitle "EXT 2023"]
[Source "ChessBase"]
[SourceDate "2022.10.05"]
[SourceVersion "1"]
[SourceVersionDate "2022.10.05"]
[SourceQuality "1"]
[WhiteTeam "Barnim"]
[BlackTeam "Leipzig VfB"]
[WhiteTeamCountry "GER"]
[BlackTeamCountry "GER"]

1. f4 e5 2. fxe5 Nc6 3. Nf3 g5 4. d4 g4 5. Ng5 d5 6. exd6 Qxd6 7. c3 h6 8. Ne4 Qg6 9. Ng3 Bd6 10. Qd3 Bxg3+ 11. hxg3 Bf5 12. Qb5 Bxb1 13. d5 0-0-0 14. dxc6 bxc6 15. Qa6+ Kd7 16. Bf4 Nf6 17. Rxh6 Rxh6 18. Bxh6 Rh8 19. Bf4 Rh1 20. Qxa7 Nd5 21. Qd4 Kc8 22. Kf2 Nxf4 23. Qxf4 Qc2 24. Qxg4+ 1/2-1/2

[Event "GER-chT Christmas U16 Lasker"]
[Site "Playchess.com INT"]
[Date "2020.12.28"]
[Round "5.1"]
[White "Hoffmann, Kay"]
[Black "Nguyen, Alex Dac Vuong"]
[Result "0-1"]
[WhiteElo "1583"]
[BlackElo "2307"]
[PlyCount "48"]
[EventDate "2020.12.28"]
[EventType "team-swiss (blitz)"]
[EventRounds "7"]
[EventCountry "GER"]
[SourceTitle "CBM 200 Extra"]
[Source "ChessBase"]
[SourceDate "2021.03.31"]
[SourceVersion "1"]
[SourceVersionDate "2021.03.31"]
[SourceQuality "1"]
[WhiteTeam "Barnim Stahl Finow"]
[BlackTeam "Leipzig SG"]
[WhiteTeamCountry "GER"]
[BlackTeamCountry "GER"]

1. f4 c5 2. Nf3 d5 3. e3 Nf6 4. b3 g6 5. Bb2 Bg7 6. Bb5+ Bd7 7. Bxd7+ Nbxd7 8. Na3 0-0 9. c4 Rc8 10. cxd5 Nb6 11. Nb5 a6 12. Na3 Nbxd5 13. Ne5 b5 14. Rc1 Nd7 15. d4 Nxe3 16. Qe2 cxd4 17. Rxc8 Qxc8 18. Nxd7 Qxd7 19. Nc2 Nxc2+ 20. Qxc2 Rc8 21. Qd3 Qe6+ 22. Kd1 Qg4+ 23. Qf3 Qf5 24. Qe2 Qb1+ 0-1

[Event "DSOL 06 Liga Gr-D 1st"]
[Site "Playchess.com INT"]
[Date "2020.07.10"]
[Round "3.2"]
[White "Hoffmann, Kay"]
[Black "Scheuer, Adrian"]
[Result "0-1"]
[WhiteElo "1692"]
[BlackElo "1600"]
[PlyCount "82"]
[EventDate "2020.06.22"]
[EventType "team-tourn (rapid)"]
[EventCountry "GER"]
[SourceTitle "EXT 2021"]
[Source "ChessBase"]
[SourceDate "2020.10.23"]
[SourceVersion "1"]
[SourceVersionDate "2020.10.23"]
[SourceQuality "1"]
[WhiteTeam "Barnim"]
[BlackTeam "Ersingen"]
[WhiteTeamCountry "GER"]
[BlackTeamCountry "GER"]

1. f4 c6 2. Nf3 d5 3. e3 Nf6 4. b3 h5 5. Bb2 Nbd7 6. Be2 e6 7. 0-0 Bc5 8. Na3 Qc7 9. Kh1 b6 10. c4 Bb7 11. cxd5 exd5 12. Nc2 0-0-0 13. Ncd4 Rh7 14. Rc1 Ne4 15. a3 Ndf6 16. b4 Bxd4 17. Nxd4 Rdh8 18. Qc2 h4 19. Nxc6 Bxc6 20. Qxc6 Qxc6 21. Rxc6+ Kb7 22. Rfc1 Ng3+ 23. Kg1 Nxe2+ 24. Kf1 Nxc1 25. Rxc1 Ne4 26. d3 Nf6 27. Re1 Rc8 28. Re2 h3 29. g3 Ng4 30. Ke1 f6 31. Kd1 Rhh8 32. Ba1 Rhe8 33. Bd4 Rc6 34. a4 a6 35. a5 bxa5 36. bxa5 Kc7 37. Kd2 Kd7 38. Kd1 Rec8 39. Bb2 Rb8 40. Ke1 Nxe3 41. Rxe3 Rxb2 0-1

[Event "GER-ch Net Amateur Gr-B Vor3"]
[Site "Playchess.com INT"]
[Date "2020.04.16"]
[Round "8"]
[White "Hoffmann, Kay"]
[Black "Udelnov, Valentin"]
[Result "1-0"]
[WhiteElo "1617"]
[BlackElo "1534"]
[PlyCount "43"]
[EventDate "2020.04.16"]
[EventType "swiss (blitz)"]
[EventRounds "9"]
[EventCountry "GER"]
[SourceTitle "CBM 195 Extra"]
[Source "ChessBase"]
[SourceDate "2020.05.31"]
[SourceVersion "1"]
[SourceVersionDate "2020.05.31"]
[SourceQuality "1"]

1. d4 Nf6 2. c4 g6 3. Nc3 Bg7 4. e4 d6 5. f3 0-0 6. Nge2 Nc6 7. h4 h5 8. Be3 e5 9. d5 Nd4 10. Nxd4 exd4 11. Bxd4 Re8 12. Be2 c5 13. Be3 a6 14. Qd2 Rb8 15. Bh6 Bh8 16. Bg5 Bd7 17. g4 Qc7 18. Qf4 Nh7 19. gxh5 gxh5 20. Rg1 Be5 21. Bf6+ Kf8 22. Qh6# 1-0

[Event "GER-ch Net Amateur Gr-B Vor2"]
[Site "Playchess.com INT"]
[Date "2020.04.15"]
[Round "5"]
[White "Hoffmann, Kay"]
[Black "Lippmann, Kai"]
[Result "1-0"]
[WhiteElo "1716"]
[BlackElo "1730"]
[PlyCount "83"]
[EventDate "2020.04.15"]
[EventType "swiss (blitz)"]
[EventRounds "9"]
[EventCountry "GER"]
[SourceTitle "CBM 196 Extra"]
[Source "ChessBase"]
[SourceDate "2020.07.31"]
[SourceVersion "1"]
[SourceVersionDate "2020.07.31"]
[SourceQuality "1"]

1. f4 c6 2. Nf3 d5 3. e3 Bg4 4. b3 e6 5. Bb2 f5 6. Be2 Nf6 7. Ne5 Bxe2 8. Qxe2 Nbd7 9. 0-0 Bd6 10. Na3 0-0 11. c4 Qe7 12. Nc2 Rac8 13. d4 Ne4 14. c5 Bxe5 15. fxe5 b6 16. cxb6 axb6 17. g4 Qg5 18. h3 fxg4 19. Qxg4 Qxg4+ 20. hxg4 c5 21. Ba3 Nd2 22. Rxf8+ Rxf8 23. Rd1 Ne4 24. Rf1 Ra8 25. Kg2 Nc3 26. Ra1 Kf7 27. b4 c4 28. Bb2 Rxa2 29. Rxa2 Nxa2 30. Kf2 Kg6 31. Kg3 Nb8 32. b5 Nd7 33. Kf4 h5 34. gxh5+ Kxh5 35. e4 g5+ 36. Kf3 Kh4 37. exd5 exd5 38. e6 Nf6 39. Ne3 Nb4 40. Ba3 Nd3 41. e7 c3 42. Nxd5 1-0

[Event "GER-ch Net Amateur Gr-B Vor1"]
[Site "Playchess.com INT"]
[Date "2020.04.14"]
[Round "2"]
[White "Ertelt, Pornchai"]
[Black "Hoffmann, Kay"]
[Result "1-0"]
[WhiteElo "1451"]
[BlackElo "1620"]
[PlyCount "73"]
[EventDate "2020.04.14"]
[EventType "swiss (blitz)"]
[EventRounds "9"]
[EventCountry "GER"]
[SourceTitle "EXT 2021"]
[Source "ChessBase"]
[SourceDate "2020.10.23"]
[SourceVersion "1"]
[SourceVersionDate "2020.10.23"]
[SourceQuality "1"]

1. d4 Nf6 2. Nf3 g6 3. e3 Bg7 4. Bd3 d6 5. 0-0 0-0 6. b3 Nc6 7. Bb2 Nd7 8. Nbd2 e5 9. c4 Re8 10. dxe5 Ncxe5 11. Nxe5 Nxe5 12. Be2 Bd7 13. Qc1 Qf6 14. Rb1 Bf5 15. e4 Bd7 16. f4 Qh4 17. fxe5 Bxe5 18. Nf3 Qxe4 19. Nxe5 dxe5 20. Bf3 Qh4 21. Qe1 Qh6 22. Qg3 e4 23. Be2 c6 24. Qc3 f5 25. Qh8+ Kf7 26. Qf6+ Kg8 27. c5 Re6 28. Bc4 Rae8 29. Bxe6+ Rxe6 30. Qd8+ Be8 31. Qd4 f4 32. Rbd1 e3 33. Qh8+ Kf7 34. Rd4 Rf6 35. Re4 f3 36. Qxe8+ Kg7 37. Re7# 1-0

[Event "GER-chT U12"]
[Site "Magdeburg"]
[Date "2019.12.27"]
[Round "2.9"]
[White "Pick, Max"]
[Black "Hoffmann, Kay"]
[Result "0-1"]
[WhiteElo "1635"]
[BlackElo "1621"]
[PlyCount "108"]
[EventDate "2019.12.27"]
[EventType "team-swiss"]
[EventRounds "7"]
[EventCountry "GER"]
[SourceTitle "CBM 194 Extra"]
[Source "ChessBase"]
[SourceDate "2020.03.31"]
[SourceVersion "1"]
[SourceVersionDate "2020.03.31"]
[SourceQuality "1"]
[WhiteTeam "Kerpen SK"]
[BlackTeam "Barnim"]
[WhiteTeamCountry "GER"]
[BlackTeamCountry "GER"]

1. d4 Nf6 2. c4 g6 3. Nc3 Bg7 4. Nf3 0-0 5. Bg5 d6 6. e3 Nc6 7. Be2 h6 8. Bxf6 Bxf6 9. 0-0 e5 10. dxe5 Nxe5 11. Qc2 Bf5 12. e4 Be6 13. Nd5 Bg7 14. Rad1 Re8 15. Rd2 f5 16. Nd4 Bxd5 17. exd5 Qd7 18. Ne6 c6 19. Qa4 a6 20. Qa5 Bf6 21. Qc7 cxd5 22. Qxd7 Nxd7 23. Nf4 Bg5 24. g3 Bxf4 25. gxf4 Rac8 26. Bf3 Nf6 27. Bxd5+ Nxd5 28. Rxd5 Rxc4 29. Rxd6 Kf7 30. Rb6 Re7 31. Rd1 Rxf4 32. h3 Rfe4 33. Rdd6 R4e6 34. Rxe6 Rxe6 35. Rxb7+ Kf6 36. b4 Kg5 37. a4 Kh4 38. Kg2 g5 39. b5 Re4 40. Rb6 h5 41. Rxa6 g4 42. hxg4 hxg4 43. a5 Re2 44. Ra7 f4 45. Kf1 Rb2 46. b6 f3 47. Re7 Rb5 48. b7 Rb1+ 49. Re1 Rxb7 50. Ra1 g3 51. fxg3+ Kxg3 52. Kg1 Rb2 53. a6 Rg2+ 54. Kf1 Rh2 0-1

[Event "GER-ch U12"]
[Site "Willingen"]
[Date "2019.06.14"]
[Round "8"]
[White "Mueller, Maximilian3333"]
[Black "Hoffmann, Kay"]
[Result "1-0"]
[WhiteElo "1606"]
[BlackElo "1433"]
[PlyCount "99"]
[EventDate "2019.06.08"]
[EventType "swiss"]
[EventRounds "9"]
[EventCountry "GER"]
[SourceTitle "CBM 191 Extra"]
[Source "ChessBase"]
[SourceDate "2019.09.30"]
[SourceVersion "1"]
[SourceVersionDate "2019.09.30"]
[SourceQuality "1"]

1. d4 d5 2. Nf3 Nf6 3. e3 Bf5 4. Nbd2 e6 5. Nh4 Ne4 6. Nxf5 exf5 7. c3 Bd6 8. Qf3 Qf6 9. Bd3 Nd7 10. Qe2 0-0-0 11. a4 h5 12. a5 Rde8 13. c4 Nxd2 14. Bxd2 dxc4 15. Bxc4 f4 16. 0-0 g5 17. b4 g4 18. Qd3 f3 19. e4 fxg2 20. Kxg2 Qh4 21. e5 Nxe5 22. Qf5+ Kb8 23. dxe5 Bxe5 24. Bf4 Bxa1 25. Rxa1 Qh3+ 26. Kg1 Qc3 27. Rc1 Re1+ 28. Rxe1 Qxe1+ 29. Kg2 Qe7 30. Qe5 Qxe5 31. Bxe5 Re8 32. Bc3 Re7 33. Kg3 b6 34. axb6 cxb6 35. Kh4 Kc8 36. Kxh5 f5 37. Kg6 f4 38. Kf5 g3 39. hxg3 fxg3 40. fxg3 Re3 41. Be6+ Kb7 42. Be5 Kc6 43. g4 Kb5 44. Bd6 Re1 45. g5 Rf1+ 46. Kg6 a5 47. bxa5 bxa5 48. Be5 a4 49. Bf5 a3 50. Bd3+ 1-0